000 00882cam a2200265 a 4500
001 1061155
003 ARRUPE
005 20131023161411.0
008 900716s1990 nik b 001 0deng
010 _a 90175625
040 _aDLC
_cDLC
_dDLC
043 _ae-ie---
050 0 0 _aBX4705.N5
_bM46 1990
082 0 0 _a282/.092
_aB
_220
100 1 _aMcRedmond, Louis.
_92819
245 1 0 _aThrown among strangers :
_bJohn Henry Newman in Ireland.
260 _aDublin :
_bVeritas,
_c1990.
300 _aviii, 209 p. ;
_c22 cm.
504 _aIncludes bibliographical references (p. 201-204) and index.
600 1 0 _aNewman, John Henry,
_d1801-1890
_xTravel
_zIreland.
_92820
610 2 0 _aUniversity College, Dublin
_xHistory.
_92821
906 _a7
_bcbc
_corignew
_d3
_encip
_f19
_gy-gencatlg
942 _2lcc
_cMONOGRAPH
999 _c118420
_d118420